Rasik-Sunder aur Unka hindi kavya (Record no. 1382983)

MARC details
000 -LEADER
fixed length control field 00650nam a2200265Ia 4500
008 - FIXED-LENGTH DATA ELEMENTS--GENERAL INFORMATION
fixed length control field 160525s9999||||xx |||||||||||||| ||und||
040 ## - CATALOGING SOURCE
Transcribing agency Hindi
082 ## - DEWEY DECIMAL CLASSIFICATION NUMBER
Classification number XV.G/Rasik-Sunder
082 ## - DEWEY DECIMAL CLASSIFICATION NUMBER
Item number BORI-74006
100 ## - MAIN ENTRY--PERSONAL NAME
Personal name M. V. Govilkar
245 ## - TITLE STATEMENT
Title Rasik-Sunder aur Unka hindi kavya
300 ## - PHYSICAL DESCRIPTION
Extent 312
300 ## - PHYSICAL DESCRIPTION
Dimensions B
300 ## - PHYSICAL DESCRIPTION
Accompanying material Hardbound
530 ## - ADDITIONAL PHYSICAL FORM AVAILABLE NOTE
Availability source Javalekar
530 ## - ADDITIONAL PHYSICAL FORM AVAILABLE NOTE
Uniform Resource Identifier <a href="00074006.pdf">00074006.pdf</a>
563 ## - BINDING INFORMATION
Binding note Ref
600 ## - SUBJECT ADDED ENTRY--PERSONAL NAME
Personal name M. V. Govilkar
630 ## - SUBJECT ADDED ENTRY--UNIFORM TITLE
Uniform title Rasik-Sunder aur Unka hindi kavya
650 ## - SUBJECT ADDED ENTRY--TOPICAL TERM
Topical term or geographic name as entry element Biography
650 ## - SUBJECT ADDED ENTRY--TOPICAL TERM
Topical term or geographic name as entry element Reference
700 ## - ADDED ENTRY--PERSONAL NAME
Personal name M. V. Govilkar
730 ## - ADDED ENTRY--UNIFORM TITLE
Uniform title Rasik-Sunder aur Unka hindi kavya
942 ## - ADDED ENTRY ELEMENTS (KOHA)
Koha item type Book
Holdings
Withdrawn status Lost status Damaged status Not for loan Home library Current library Date acquired Total Checkouts Full call number Barcode Date last seen Price effective from Koha item type
        Bhandarkar Oriental Research Institute, Pune Bhandarkar Oriental Research Institute, Pune 09/26/1994   BORI-74006 BORI-74006 05/25/2016 05/25/2016 Book